000 00858nas a2200289 4500
001 BR6007954
003 BR-BrBNA
005 20231205082042.0
007 ta
008 230509b bl.|||p| |||| 00| 00por d
040 _aBR-BrBNA
_bpor
_cBiblioteca Nacional de Agricultura
041 _a(Pt)
072 _aF60; F00
100 1 _aPrisco, J.T.
100 1 _aBarbosa, L.
100 1 _aFerreira, L.G.R.
245 1 _aPre-embebicao como meio para sobrepujar os efeitos inibitorios da salinidade na germinacao de sementes de Sorghum bicolor (L.)Moench [Sorgo]
650 _aSORGO
650 _aSEMENTE
650 _aGERMINACAO
650 _aAGUA
650 _aSOLO
650 _aSALINIDADE
773 0 _tCiencia Agronomica (Brazil)
_x
_g(Dec 1975), v. 5(1-2) p. 19-23
_wBR6007954
909 _a202311
_bLúcia
_c55
_dLúcia Elande
942 _2AGRIS
_n0
_cANA
999 _c88842
_d88842